| 000 | 00906cam a22002777a 4500 | ||
|---|---|---|---|
| 001 | 14752104 | ||
| 005 | 20180119074116.0 | ||
| 008 | 070228s2005 onca 000 0 eng | ||
| 010 | _a 2007386264 | ||
| 015 |
_aGBA516706 _2bnb |
||
| 016 | 7 |
_a013119301 _2Uk |
|
| 020 | _a1894959159 (pbk.) | ||
| 035 | _a(OCoLC)ocm57750640 | ||
| 040 |
_aUKM _cUKM _dOMP _dBAKER _dC#P _dYDXCP _dDLC |
||
| 041 | _aeng | ||
| 042 |
_aukscp _alccopycat |
||
| 043 |
_an-us--- _azo----- |
||
| 080 | _a629.435 cla | ||
| 082 | 0 | 4 |
_a629.435 cla _222 |
| 100 | _a42 | ||
| 101 | _aast | ||
| 245 | 0 | 0 |
_aDeep space : _ccompiled from the archives & edited by Robert Godwin & Steve Whitfield. |
| 906 |
_a7 _bcbc _ccopycat _d2 _encip _f20 _gy-gencatlg |
||
| 942 |
_2ddc _cBK |
||
| 999 |
_c40588 _d40588 |
||